Estate of Thorney and Crawland: a study in medieaval monastic land tenure (Record no. 86841)

MARC details
000 -LEADER
fixed length control field 00526cam a2200193 4500
001 - CONTROL NUMBER
control field D8117
008 - FIXED-LENGTH DATA ELEMENTS--GENERAL INFORMATION
fixed length control field 090401t1977 xxu||||| |||| 00| 0 eng d
035 ## - SYSTEM CONTROL NUMBER
System control number (Sirsi) u11261
041 ## - LANGUAGE CODE
Language code of text/sound track or separate title eng
050 ## - LIBRARY OF CONGRESS CALL NUMBER
Classification number 333.320902
100 ## - MAIN ENTRY--PERSONAL NAME
Personal name Raban, Sandra
245 ## - TITLE STATEMENT
Title Estate of Thorney and Crawland: a study in medieaval monastic land tenure
260 ## - PUBLICATION, DISTRIBUTION, ETC.
Place of publication, distribution, etc. Cambridge
Name of publisher, distributor, etc. University of Cambridge Department of La
Date of publication, distribution, etc. 1977
300 ## - PHYSICAL DESCRIPTION
Extent 106p. 22cm
350 ## - PRICE (NR) (BK AM CF MU VM SE) [OBSOLETE]
Price 1.8
490 ## - SERIES STATEMENT
Series statement Occasional Paper
Volume/sequential designation 7
942 ## - ADDED ENTRY ELEMENTS (KOHA)
Suppress in OPAC 0
948 ## - LOCAL PROCESSING INFORMATION (OCLC); SERIES PART DESIGNATOR (RLIN)
c (OCLC) 04/03/1997
Holdings
Withdrawn status Lost status Source of classification or shelving scheme Damaged status Not for loan Home library Current library Shelving location Date acquired Cost, normal purchase price Total Checkouts Full call number Barcode Date last seen Copy number Cost, replacement price Price effective from Koha item type
    Dewey Decimal Classification     London London Basement 14/09/1999 1.80   SHELF 133 30002350 06/08/2019 1 1.80 06/08/2019 Book